000 00586nam a22001337a 4500
005 20241211110713.0
008 241211b |||||||| |||| 00| 0 eng d
245 _aLaw Reports of the Commonwealth 1991
_bCriminal Law
260 _aLondon, UK
_bButterworths
_c1991
300 _axliv, 920 pages
_c24 cm
500 _aGeneral Editors: Read James S. Prof. LL.B. of Gray’s Inn, Barrister. Slinn Peter E. M.A., PhD., Solicitor, England and Wales. Managing Editor: Edwards Radhika LL.B. of the Inner Temple, Barrister.
650 _2Law Reports
_xCommonwealth Nations
942 _2lcc
_cBK
_n0
999 _c2049
_d2049